<?xml version="1.0" encoding="UTF-8"?>
<record
    xmlns:xsi="http://www.w3.org/2001/XMLSchema-instance"
    xsi:schemaLocation="http://www.loc.gov/MARC21/slim http://www.loc.gov/standards/marcxml/schema/MARC21slim.xsd"
    xmlns="http://www.loc.gov/MARC21/slim">

  <leader>00754nam a22001937a 4500</leader>
  <controlfield tag="003">UA-OsUOA</controlfield>
  <controlfield tag="001"> 10186 </controlfield>
  <controlfield tag="007">ta</controlfield>
  <controlfield tag="008">20050105b un ||||| |||| 00| 0 ukr d</controlfield>
  <datafield tag="942" ind1=" " ind2=" ">
    <subfield code="c">SA</subfield>
  </datafield>
  <datafield tag="040" ind1=" " ind2=" ">
    <subfield code="a">UA-OsUOA</subfield>
    <subfield code="b">ukr</subfield>
    <subfield code="c">UA-OsUOA</subfield>
    <subfield code="d">UA-OsUOA</subfield>
  </datafield>
  <datafield tag="245" ind1=" " ind2=" ">
    <subfield code="a">&#x41B;&#x430;&#x443;&#x440;&#x435;&#x430;&#x442;&#x438; &#x412;&#x441;&#x435;&#x443;&#x43A;&#x440;&#x430;&#x457;&#x43D;&#x441;&#x44C;&#x43A;&#x43E;&#x457; &#x43B;&#x456;&#x442;&#x435;&#x440;&#x430;&#x442;&#x443;&#x440;&#x43D;&#x43E;&#x457; &#x43F;&#x440;&#x435;&#x43C;&#x456;&#x457; &#x456;&#x43C;&#x435;&#x43D;&#x456; &#x412;&#x43E;&#x43B;&#x43E;&#x434;&#x438;&#x43C;&#x438;&#x440;&#x430; &#x421;&#x43E;&#x441;&#x44E;&#x440;&#x438;: [&#x413;&#x440;&#x430;&#x431;&#x43E;&#x432;&#x441;&#x44C;&#x43A;&#x438;&#x439; &#x412;. &#x437;&#x430; &#x434;&#x43E;&#x431;&#x456;&#x440;&#x43A;&#x443; &#x43F;&#x43E;&#x435;&#x437;&#x456;&#x439; " &#x412;&#x438;&#x441;&#x43E;&#x43A;&#x43E;&#x441;&#x43D;&#x435; &#x441;&#x435;&#x440;&#x446;&#x435;"; &#x421;&#x43E;&#x440;&#x43E;&#x43A;&#x430; &#x41F;. &#x437;&#x430; " &#x42F;&#x43D;&#x433;&#x43E;&#x43B; &#x443; &#x448;&#x438;&#x431;&#x446;&#x456; &#x432;&#x430;&#x433;&#x43E;&#x43D;&#x430;"</subfield>
  </datafield>
  <datafield tag="300" ind1=" " ind2=" ">
    <subfield code="a">&#x421;.1</subfield>
  </datafield>
  <datafield tag="955" ind1=" " ind2=" ">
    <subfield code="a">0</subfield>
  </datafield>
  <datafield tag="041" ind1=" " ind2=" ">
    <subfield code="a">ukr</subfield>
  </datafield>
  <datafield tag="044" ind1=" " ind2=" ">
    <subfield code="a">UA</subfield>
  </datafield>
  <datafield tag="773" ind1="0" ind2=" ">
    <subfield code="w">0</subfield>
    <subfield code="t">&#x41B;&#x456;&#x442;&#x435;&#x440;&#x430;&#x442;&#x443;&#x440;&#x43D;&#x430; &#x423;&#x43A;&#x440;&#x430;&#x457;&#x43D;&#x430;</subfield>
    <subfield code="d">&#x41A;&#x438;&#x457;&#x432;</subfield>
    <subfield code="d">2004</subfield>
    <subfield code="g">&#x2116;51 /30&#x433;&#x440;&#x443;&#x434;./</subfield>
  </datafield>
  <datafield tag="650" ind1=" " ind2="7">
    <subfield code="a">&#x413;&#x440;&#x430;&#x431;&#x43E;&#x432;&#x441;&#x44C;&#x43A;&#x438;&#x439; &#x412;.</subfield>
    <subfield code="2">UDC</subfield>
  </datafield>
  <datafield tag="999" ind1=" " ind2=" ">
    <subfield code="c">296347</subfield>
    <subfield code="d">296347</subfield>
  </datafield>
</record>
